Statistiche per Smorfia napoletana - Quiz n°3

Clicka qui per fare il quiz!

Statistiche generali

  • Questo quiz è stato fatto 21 volte
  • Il punteggio medio è 5 su 15

Statistiche sulle risposte

HintRisposta% Corretto
La sfortuna17
75%
I caciocavalli88
58%
La musica55
42%
Il cacciatore61
42%
Il pitale27
33%
La tavola imbandita82
33%
La testa34
25%
Il caffè42
25%
Il vino buono45
25%
Il lamento60
25%
Il palazzo70
25%
La grotta74
25%
La figliolanza9
25%
Le guardie24
17%
Le botte38
17%

Distribuzione punteggi

Percentile per numero di risposta

Percentuale di utenti per punteggio

I tuoi punteggi nel tempo

Non hai fatto questo quiz